<?xml version="1.0" encoding="UTF-8"?>
<record
    xmlns:xsi="http://www.w3.org/2001/XMLSchema-instance"
    xsi:schemaLocation="http://www.loc.gov/MARC21/slim http://www.loc.gov/standards/marcxml/schema/MARC21slim.xsd"
    xmlns="http://www.loc.gov/MARC21/slim">

  <leader>00466nam a22001817a 4500</leader>
  <controlfield tag="005">20230823165903.0</controlfield>
  <controlfield tag="008">230823b           ||||| |||| 00| 0 eng d</controlfield>
  <datafield tag="040" ind1=" " ind2=" ">
    <subfield code="a">IN-DiNC</subfield>
    <subfield code="c">IN-DiNC</subfield>
  </datafield>
  <datafield tag="041" ind1=" " ind2=" ">
    <subfield code="d">asm</subfield>
  </datafield>
  <datafield tag="082" ind1=" " ind2=" ">
    <subfield code="a">613</subfield>
    <subfield code="b">AHM</subfield>
  </datafield>
  <datafield tag="100" ind1=" " ind2=" ">
    <subfield code="a">Ahmed, Rafique</subfield>
    <subfield code="e">author</subfield>
  </datafield>
  <datafield tag="245" ind1=" " ind2=" ">
    <subfield code="a">Swasthya aru susthata/</subfield>
    <subfield code="c">by Rofique Ahmed</subfield>
  </datafield>
  <datafield tag="250" ind1=" " ind2=" ">
    <subfield code="a">1st ed.</subfield>
  </datafield>
  <datafield tag="260" ind1=" " ind2=" ">
    <subfield code="a">Jorhat:</subfield>
    <subfield code="b">Unika prakashan,</subfield>
    <subfield code="c">2023.</subfield>
  </datafield>
  <datafield tag="300" ind1=" " ind2=" ">
    <subfield code="a">136p.</subfield>
  </datafield>
  <datafield tag="650" ind1=" " ind2=" ">
    <subfield code="a">Health and wellness</subfield>
  </datafield>
  <datafield tag="942" ind1=" " ind2=" ">
    <subfield code="2">ddc</subfield>
    <subfield code="c">BK</subfield>
  </datafield>
  <datafield tag="999" ind1=" " ind2=" ">
    <subfield code="c">11588</subfield>
    <subfield code="d">11588</subfield>
  </datafield>
  <datafield tag="952" ind1=" " ind2=" ">
    <subfield code="0">0</subfield>
    <subfield code="1">0</subfield>
    <subfield code="2">ddc</subfield>
    <subfield code="4">0</subfield>
    <subfield code="7">0</subfield>
    <subfield code="8">GEN</subfield>
    <subfield code="a">MAIN</subfield>
    <subfield code="b">MAIN</subfield>
    <subfield code="c">GEN</subfield>
    <subfield code="d">2023-08-23</subfield>
    <subfield code="g">130.00</subfield>
    <subfield code="l">8</subfield>
    <subfield code="o">613 AHM</subfield>
    <subfield code="p">29362</subfield>
    <subfield code="r">2025-11-06 07:28:03</subfield>
    <subfield code="s">2025-10-15</subfield>
    <subfield code="t">1</subfield>
    <subfield code="w">2023-08-23</subfield>
    <subfield code="y">BK</subfield>
  </datafield>
  <datafield tag="952" ind1=" " ind2=" ">
    <subfield code="0">0</subfield>
    <subfield code="1">0</subfield>
    <subfield code="2">ddc</subfield>
    <subfield code="4">0</subfield>
    <subfield code="7">0</subfield>
    <subfield code="8">GEN</subfield>
    <subfield code="a">MAIN</subfield>
    <subfield code="b">MAIN</subfield>
    <subfield code="c">GEN</subfield>
    <subfield code="d">2023-08-23</subfield>
    <subfield code="g">130.00</subfield>
    <subfield code="l">9</subfield>
    <subfield code="o">613 AHM</subfield>
    <subfield code="p">29363</subfield>
    <subfield code="r">2025-11-13 05:34:05</subfield>
    <subfield code="s">2025-10-28</subfield>
    <subfield code="t">2</subfield>
    <subfield code="w">2023-08-23</subfield>
    <subfield code="y">BK</subfield>
  </datafield>
  <datafield tag="952" ind1=" " ind2=" ">
    <subfield code="0">0</subfield>
    <subfield code="1">0</subfield>
    <subfield code="2">ddc</subfield>
    <subfield code="4">0</subfield>
    <subfield code="7">0</subfield>
    <subfield code="8">GEN</subfield>
    <subfield code="a">MAIN</subfield>
    <subfield code="b">MAIN</subfield>
    <subfield code="c">GEN</subfield>
    <subfield code="d">2023-08-23</subfield>
    <subfield code="g">130.00</subfield>
    <subfield code="l">10</subfield>
    <subfield code="o">613 AHM</subfield>
    <subfield code="p">29364</subfield>
    <subfield code="r">2025-11-13 05:41:40</subfield>
    <subfield code="s">2025-11-06</subfield>
    <subfield code="t">3</subfield>
    <subfield code="w">2023-08-23</subfield>
    <subfield code="y">BK</subfield>
  </datafield>
  <datafield tag="952" ind1=" " ind2=" ">
    <subfield code="0">0</subfield>
    <subfield code="1">0</subfield>
    <subfield code="2">ddc</subfield>
    <subfield code="4">0</subfield>
    <subfield code="7">0</subfield>
    <subfield code="8">GEN</subfield>
    <subfield code="a">MAIN</subfield>
    <subfield code="b">MAIN</subfield>
    <subfield code="c">GEN</subfield>
    <subfield code="d">2023-08-23</subfield>
    <subfield code="g">130.00</subfield>
    <subfield code="l">10</subfield>
    <subfield code="o">613 AHM</subfield>
    <subfield code="p">29365</subfield>
    <subfield code="r">2025-11-20 06:48:43</subfield>
    <subfield code="s">2025-10-22</subfield>
    <subfield code="t">4</subfield>
    <subfield code="w">2023-08-23</subfield>
    <subfield code="y">BK</subfield>
  </datafield>
</record>
